00338nam a2200145Ia 4500008004100000020001500041041001200056082001100068100001200079245004200091260003100133300000800164650000700172700001300179221030s9999 xx 000 0 und d a9380097442 aEnglish a105.23 aA. Jain 0aControl Systemscby A. Jain, N. Mehra bVayu Pub.aNew Delhic2009 a426 aEE aN. Mehra